Normal view
MARC view
- Dr. Muhammad Shahid
Entry Personal Name
001 - CONTROL NUMBER
- control field: 16160
003 - CONTROL NUMBER IDENTIFIER
- control field: NUST
005 - DATE AND TIME OF LATEST TRANSACTION
- control field: 20190701065844.0
008 - FIXED-LENGTH DATA ELEMENTS
- fixed length control field: 190701|| aca||aabn | a|a d
040 ## - CATALOGING SOURCE
- Original cataloging agency: NUST
- Transcribing agency: NUST
100 ## - HEADING--PERSONAL NAME
- Personal name: Dr. Muhammad Shahid
670 ## - SOURCE DATA FOUND
- Source citation: Work cat.: (NUST): Zaheer, Memoona 16158, Design and Development of Real Time Corrosion Monitoring System for Metallic Pipelines in Flowing Conditions /, 2018.
